| 000 | 00860nam a22002537a 4500 | ||
|---|---|---|---|
| 001 | BR8802173 | ||
| 003 | BR-BrBNA | ||
| 005 | 20230928092907.0 | ||
| 007 | ta | ||
| 008 | 230509b bl.||||| |||| 00| 0 por d | ||
| 040 |
_aBR-BrBNA _bpor _cBiblioteca Nacional de Agricultura |
||
| 041 | _a(Por) | ||
| 072 | _aE70 | ||
| 090 | _ E70 BR8802173 | ||
| 110 | 1 |
_aCentrais de Abastecimento do Estado do Rio de Janeiro S.A., Rio de Janeiro (Brasil) _91376 |
|
| 245 | 1 | _aAnalise da comercializacao de produtos hortigranjeiros. v. 3. Estudos especificos Grupo: hortalicas raiz-bulbotuberculo - rizoma e aves e ovos. Ano 1987 | |
| 260 | 3 |
_aRio de Janeiro, RJ (Brasil): _c1987. |
|
| 300 | _a53 p. | ||
| 500 | _a16 graphs; 30 tables; 6 ref. | ||
| 650 | _aPRODUTO HORTIGRANJEIRO | ||
| 650 | _aCOMERCIALIZACAO | ||
| 909 |
_a202309 _bLucia _c55 _dLucia Elande |
||
| 942 | _cBK | ||
| 999 |
_c41824 _d41824 |
||